Violencia contra la mujer: pasos a su erradicación en Panamá /

Պահպանված է:
Մատենագիտական մանրամասներ
Հիմնական հեղինակ: Pérez Bermúdez, Rosina
Ձևաչափ: Տեքստ
Խորագրեր:
Ցուցիչներ: Ավելացրեք ցուցիչ
Չկան պիտակներ, Եղեք առաջինը, ով նշում է այս գրառումը!

MARC

LEADER 00000 a a2200000 04500
001 9384
003
040
100 |a Pérez Bermúdez, Rosina  
245 |a Violencia contra la mujer:   |b pasos a su erradicación en Panamá /  |c Rosina Pérez Bermúdez 
650 |a MUJERES  
650 |a DERECHOS HUMANOS  
650 |a VIOLENCIA  
650 |a DISCRIMINACION  
650 |a LEGISLACION  
650 |a SOCIOLOGIA  
773 |g número 417; páginas 115-121  
999 |c 23300  |d 23300